000 00477nam a2200169Ia 4500
005 20250423094531.0
008 250422s9999 xx 000 0 und d
020 _a9789789901302
050 _aHF 5415.123 .Z47/
100 _aZephaniah, Chinedu O.
245 0 _aBank marketing communication and customer loyalty: conceptualization and dimensions
260 _aAbuja
260 _bExpert Crystal Designs & Project Ltd.
260 _c2021
300 _a164 p
942 _cBK
999 _c27523
_d27523